Hoa ngẫu nhiên
Saved in:
| Main Author: | |
|---|---|
| Format: | Book |
| Language: | Undetermined |
| Published: |
hội văn học nghệ thuật thái bình
1998
|
| Tags: |
Add Tag
No Tags, Be the first to tag this record!
|
| Institutions: | Trung tâm Học liệu Trường Đại học Cần Thơ |
|---|
| LEADER | 00391nam a2200133Ia 4500 | ||
|---|---|---|---|
| 001 | CTU_53443 | ||
| 008 | 210402s9999 xx 000 0 und d | ||
| 082 | |a 895.9221 | ||
| 082 | |b H121 | ||
| 100 | |a Đặng Hấn | ||
| 245 | 0 | |a Hoa ngẫu nhiên | |
| 260 | |b hội văn học nghệ thuật thái bình | ||
| 260 | |c 1998 | ||
| 980 | |a Trung tâm Học liệu Trường Đại học Cần Thơ | ||